000 00502nam a2200181Ia 4500
001 4927
005 20260306145830.0
008 260306t2021||||xx |||||||||||||| ||spa||
041 _aESP
082 _a331.8
_bS26
100 _aSarzo Tamayo, Renato,
_eAUT
245 0 _aPragmática del control sobre el derecho a la huelga :
_banálisis de la regulación legal y administrativa
260 _c2021
300 _a204 páginas :
_c20 cm.
650 _aGEN
654 _aCAN
942 _cLIB
_dJUS
_fJUS
_2ddc
_n
999 _c4927
_d4927